[Event "CCM10 - GRENKE Rapid WCh"]
[Site "Mainz"]
[Date "2010.08.08"]
[Round "6"]
[White "Schneider, Il"]
[Black "Fridman, D2."]
[Result "0-1"]
[WhiteElo "2515"]
[BlackElo "2645"]
[PlyCount "130"]
[EventDate "2010.08.07"]
[EventCountry "GER"]

1. e4 c6 2. d4 d5 3. e5 c5 4. c4 cxd4 5. Qxd4 Nc6 6. Qxd5 Qc7 7. Nf3 Bf5 8. Be2
a6 9. Na3 Rd8 10. Qc5 e6 11. Qe3 Bb4+ 12. Bd2 Bxd2+ 13. Nxd2 Qxe5 14. Qxe5 Nxe5
15. Nf3 Nc6 16. O-O Nge7 17. c5 Rd5 18. Nc4 O-O 19. Nd6 Rxc5 20. Nxb7 Rc2 21.
Bxa6 Rxb2 22. Nd6 Ra8 23. Bb7 Raxa2 24. Bxc6 Nxc6 25. Nxf5 exf5 26. Rxa2 Rxa2
27. Rc1 g6 28. g3 Nb4 29. Rc7 Nd3 30. Ng5 Nxf2 31. Nxf7 Kg7 32. Ng5+ Kh6 33.
Nf7+ Kh5 34. Ne5 h6 35. Rc6 g5 36. Nf7 Kg4 37. Ne5+ Kh5 38. Nf7 Nh3+ 39. Kh1
Re2 40. g4+ Kxg4 41. Nxh6+ Kf3 42. Rc3+ Kf2 43. Rc1 f4 44. Ra1 Rd2 45. Ng4+ Kf3
46. Ne5+ Ke4 47. Re1+ Kf5 48. Nf3 Rd3 49. Ng1 Nf2+ 50. Kg2 Ng4 51. Nf3 Ne3+ 52.
Kf2 g4 53. Ng1 Ra3 54. Rb1 Ra2+ 55. Ne2 f3 56. Rb5+ Ke4 57. Rb4+ Ke5 58. Kxe3
Rxe2+ 59. Kd3 Kf5 60. h3 gxh3 61. Rh4 h2 62. Rh8 Kf4 63. Rf8+ Kg3 64. Rg8+ Kf2
65. Rh8 Kg1 0-1

[Event "CCM10 - GRENKE Rapid WCh"]
[Site "Mainz"]
[Date "2010.08.08"]
[Round "6"]
[White "Szabo, Krisz1"]
[Black "Shirov, A."]
[Result "1/2-1/2"]
[WhiteElo "2523"]
[BlackElo "2749"]
[PlyCount "67"]
[EventDate "2010.08.07"]
[EventCountry "GER"]

1. e4 e5 2. Nf3 Nc6 3. Bb5 a6 4. Ba4 Nf6 5. O-O b5 6. Bb3 Bc5 7. c3 d6 8. a4
Rb8 9. d4 Bb6 10. Na3 Bg4 11. axb5 axb5 12. Nxb5 O-O 13. Bc2 exd4 14. Nbxd4
Nxd4 15. cxd4 Bxf3 16. gxf3 Nh5 17. Ra4 c5 18. dxc5 Bxc5 19. f4 g6 20. b3 Qf6
21. Qg4 Ra8 22. Qf3 Rxa4 23. bxa4 Bd4 24. Bd1 Rb8 25. Qd3 Ng7 26. Bb3 Nh5 27.
Bd1 Ng7 28. Bb3 Nh5 29. a5 Nxf4 30. Bxf4 Qxf4 31. Bxf7+ Kxf7 32. Qxd4 Qg4+ 33.
Kh1 Qf3+ 34. Kg1 1/2-1/2

[Event "CCM10 - GRENKE Rapid WCh"]
[Site "Mainz"]
[Date "2010.08.08"]
[Round "6"]
[White "Zhukova, N."]
[Black "Movsesian, S."]
[Result "0-1"]
[WhiteElo "2499"]
[BlackElo "2723"]
[PlyCount "68"]
[EventDate "2010.08.07"]
[EventCountry "GER"]

1. d4 Nf6 2. c4 d6 3. Nc3 Nbd7 4. e4 e5 5. Nf3 c6 6. Be2 g6 7. O-O Bg7 8. dxe5
dxe5 9. h3 O-O 10. Be3 Qe7 11. Qc2 Nh5 12. Rfe1 Nf4 13. Bf1 Ne6 14. Rad1 f5 15.
exf5 gxf5 16. Bc1 e4 17. Nxe4 fxe4 18. Qxe4 Ndc5 19. Qe3 a5 20. Ne5 Qc7 21. Ng4
Bd7 22. Bd3 Rae8 23. Bb1 b6 24. Qd2 Nf4 25. Rxe8 Bxe8 26. Qe1 Bg6 27. Bxg6 hxg6
28. Qe3 Qf7 29. b3 Nfd3 30. Rxd3 Re8 31. Qd2 Nxd3 32. Qxd3 Re1+ 33. Kh2 Rxc1
34. Qd8+ Qf8 0-1

[Event "CCM10 - GRENKE Rapid WCh"]
[Site "Mainz"]
[Date "2010.08.08"]
[Round "7"]
[White "Andersson, U."]
[Black "Inarkiev, E."]
[Result "0-1"]
[WhiteElo "2567"]
[BlackElo "2671"]
[PlyCount "102"]
[EventDate "2010.08.07"]
[EventCountry "GER"]

1. Nf3 Nf6 2. c4 g6 3. g3 Bg7 4. Bg2 O-O 5. O-O d6 6. Nc3 Nc6 7. d4 Rb8 8. b3
a6 9. Bb2 b5 10. cxb5 axb5 11. Rc1 b4 12. Na4 Na5 13. d5 e6 14. dxe6 fxe6 15.
Qc2 Rf7 16. Rfd1 Qe8 17. Ng5 Re7 18. Ne4 Qf8 19. Nxf6+ Bxf6 20. Bxf6 Qxf6 21.
Nb2 Bb7 22. Bxb7 Nxb7 23. Nd3 Nd8 24. Qd2 c5 25. Qf4 Qxf4 26. gxf4 Nb7 27. e3
Ra8 28. Rc2 Ra6 29. Kg2 Re8 30. Rdd2 Rea8 31. h4 Kf8 32. Kg3 Nd8 33. h5 gxh5
34. Kh4 Nc6 35. Kxh5 Ne7 36. Kg4 Kf7 37. Kf3 Nf5 38. Ke2 h6 39. Ne1 Ne7 40. e4
Rf8 41. Ke3 Ke8 42. Rc1 Rf7 43. Nd3 Nc6 44. e5 Ne7 45. exd6 Nd5+ 46. Kf3 Rxd6
47. Rxc5 Nxf4 48. Ke4 Nd5 49. Rc4 Ke7 50. f4 Rf5 51. Rh2 Nf6+ 0-1

[Event "CCM10 - GRENKE Rapid WCh"]
[Site "Mainz"]
[Date "2010.08.08"]
[Round "7"]
[White "Aronian, L."]
[Black "Kamsky, G."]
[Result "0-1"]
[WhiteElo "2783"]
[BlackElo "2713"]
[Annotator "Mike Rosa"]
[PlyCount "102"]
[EventDate "2010.08.07"]
[EventCountry "GER"]

1. d4 d5 2. c4 c6 3. Nf3 Nf6 4. Nc3 a6 5. a4 e6 6. Bg5 a5 7. e3 Be7 8. Be2 O-O
9. O-O Na6 10. Qb3 Nb4 11. Na2 Na6 12. Rac1 h6 13. Bh4 g5 14. Bg3 Ne4 15. Rfd1
Nxg3 16. hxg3 Bf6 17. Nc3 Bg7 18. e4 g4 19. Nh4 dxe4 20. Bxg4 f5 21. Bh3 Bxd4
22. c5 Nxc5 23. Qc4 Nd3 24. Nxf5 c5 25. Nxe4 Nxc1 {In dieser komplizierten
Stellung kam Aronian vom rechten Weg ab.} 26. Nxh6+ $2 ({Richtig war} 26. Nxd4
$1 {, um nach} cxd4 27. Bxe6+ Kh7 28. Rxc1 $44 {aufgrund des geschwächten
schwarzen Königs Kompensation für die Qualität zu haben.}) 26... Kg7 27. Qxc1
Qd5 $1 $17 28. Re1 $6 (28. Rxd4 $142 cxd4 29. f3 $17) 28... Qh5 $19 {Jetzt hat
Schwarz am Königsflügel die Kontrolle und kann sein Mehrmaterial verwerten.
Kamsky siegte nach 51 Zügen.} 29. Ng4 e5 30. Nh2 Bxh3 31. gxh3 Ra6 32. Kg2 Rh6
33. h4 Rg6 34. Qd1 Qxh4 35. Nf3 Qg4 36. Qb3 b6 37. Nxd4 exd4 38. f3 Qf5 39. g4
c4 40. Qd1 d3 41. Ng3 Qd5 42. Re4 d2 43. Kf2 Kg8 44. Nf5 Rxf5 45. gxf5 Qc5+ 46.
Re3 Rd6 47. Ke2 Qxf5 48. Re4 Kf8 49. Kf2 Rd3 50. Rxc4 Rxf3+ 51. Kg2 Qh3+ 0-1

[Event "CCM10 - GRENKE Rapid WCh"]
[Site "Mainz"]
[Date "2010.08.08"]
[Round "7"]
[White "Bologan, V."]
[Black "Karjakin, Sergey"]
[Result "1/2-1/2"]
[WhiteElo "2695"]
[BlackElo "2747"]
[PlyCount "88"]
[EventDate "2010.08.07"]
[EventCountry "GER"]

1. e4 e5 2. Nf3 Nc6 3. Bc4 Nf6 4. d3 Be7 5. O-O O-O 6. Re1 d6 7. c3 Na5 8. Bb5
a6 9. Ba4 b5 10. Bc2 c5 11. Nbd2 Nc6 12. Nf1 Re8 13. a3 h6 14. h3 Bf8 15. b4 d5
16. exd5 Nxd5 17. Bd2 Bb7 18. Ng3 Qd7 19. bxc5 Bxc5 20. Ne4 Bf8 21. Qb1 Rad8
22. Qa2 Kh8 23. Rab1 Re6 24. c4 bxc4 25. dxc4 Nf6 26. Nxf6 Rxf6 27. Be4 Ba8 28.
Bc3 Rf4 29. Qc2 Nd4 30. Bxd4 Bxe4 31. Rxe4 Rxe4 32. Qxe4 exd4 33. Rb7 Qe6 34.
Qxe6 fxe6 35. Ne5 Kg8 36. Rb3 Rc8 37. Rb6 a5 38. a4 d3 39. Kf1 Rd8 40. Rb1 Rd4
41. Rd1 d2 42. Nc6 Rxc4 43. Nxa5 Re4 44. Nb3 Bb4 1/2-1/2

[Event "CCM10 - GRENKE Rapid WCh"]
[Site "Mainz"]
[Date "2010.08.08"]
[Round "7"]
[White "Gustafsson, J."]
[Black "Zude, E."]
[Result "1-0"]
[WhiteElo "2643"]
[BlackElo "2406"]
[PlyCount "108"]
[EventDate "2010.08.07"]
[EventCountry "GER"]

1. Nf3 Nf6 2. c4 g6 3. Nc3 Bg7 4. e4 d6 5. d4 O-O 6. Be2 e5 7. Be3 Na6 8. O-O
c6 9. Re1 exd4 10. Nxd4 Re8 11. f3 d5 12. cxd5 Nxd5 13. Bf2 Nxc3 14. bxc3 Nc5
15. Qc2 Qa5 16. Red1 Be6 17. Nxe6 Nxe6 18. Rab1 b5 19. Be1 Rad8 20. Kh1 Qc7 21.
a4 a6 22. Bf1 Qe7 23. Bf2 Qa3 24. Rdc1 Rd7 25. Ra1 Qe7 26. axb5 axb5 27. Be3
Nc5 28. Ra5 Red8 29. c4 Nd3 30. Rb1 b4 31. Bb6 Rb8 32. c5 Nf4 33. Rxb4 Be5 34.
Rb1 Ne6 35. Qf2 Qg5 36. Ra2 Bd4 37. Qd2 Qh5 38. Bc4 Be5 39. g4 Rxd2 40. gxh5
Rxa2 41. Bxa2 Nd4 42. hxg6 hxg6 43. Kg2 Kg7 44. Bc4 Rh8 45. h3 Ra8 46. Bb3 Ra3
47. Bd1 Ra2+ 48. Kf1 Bg3 49. Rb4 Rf2+ 50. Kg1 Rd2 51. Rb1 Ne6 52. Ba5 Ra2 53.
Bb3 Rxa5 54. Bxe6 fxe6 1-0

[Event "CCM10 - GRENKE Rapid WCh"]
[Site "Mainz"]
[Date "2010.08.08"]
[Round "7"]
[White "Kasimdzhanov, R."]
[Black "Gashimov, V."]
[Result "1/2-1/2"]
[WhiteElo "2699"]
[BlackElo "2719"]
[PlyCount "64"]
[EventDate "2010.08.07"]
[EventCountry "GER"]

1. e4 c5 2. Nf3 d6 3. d4 cxd4 4. Nxd4 Nf6 5. Nc3 a6 6. Be3 Ng4 7. Bg5 h6 8. Bh4
g5 9. Bg3 Bg7 10. h3 Nf6 11. Qf3 Bd7 12. O-O-O Nc6 13. Nf5 Bxf5 14. exf5 Na5
15. Qe3 Kf8 16. h4 Rc8 17. hxg5 hxg5 18. Rxh8+ Bxh8 19. Qxg5 Qb6 20. Qe3 Qxe3+
21. fxe3 Nc4 22. Bxc4 Rxc4 23. Bf4 Ng4 24. Nd5 Be5 25. g3 Rc5 26. Rd2 Bxf4 27.
exf4 a5 28. a4 f6 29. Rd3 Nf2 30. Rd4 Ng4 31. Rd3 Nf2 32. Rd4 Ng4 1/2-1/2

[Event "CCM10 - GRENKE Rapid WCh"]
[Site "Mainz"]
[Date "2010.08.08"]
[Round "7"]
[White "Kosteniuk, A."]
[Black "Grischuk, A."]
[Result "0-1"]
[WhiteElo "2519"]
[BlackElo "2760"]
[PlyCount "82"]
[EventDate "2010.08.07"]
[EventCountry "GER"]

1. e4 d6 2. d4 Nf6 3. Nc3 g6 4. f4 Bg7 5. Nf3 O-O 6. Bd3 Na6 7. O-O c5 8. d5
Bg4 9. Bc4 Nc7 10. a4 a6 11. Qe1 b6 12. Kh1 Rb8 13. e5 Nfe8 14. Qe2 Qc8 15. Ra3
Kh8 16. h3 Bxf3 17. Rxf3 e6 18. Rb3 exd5 19. Nxd5 Nxd5 20. Bxd5 Nc7 21. Rbd3
Qe8 22. Bb3 dxe5 23. fxe5 b5 24. axb5 axb5 25. Bd5 c4 26. Rd1 Rd8 27. Bb7 Qxe5
28. Re3 Rxd1+ 29. Qxd1 Qc5 30. c3 Kg8 31. Bf3 Bh6 32. Re1 Bxc1 33. Qxc1 Re8 34.
Rf1 Kg7 35. Qd2 Qe5 36. Qd7 Re7 37. Qc6 Ne6 38. Rd1 Nf4 39. Qd6 Nd3 40. Rxd3
cxd3 41. Qxd3 Qg3 0-1

[Event "CCM10 - GRENKE Rapid WCh"]
[Site "Mainz"]
[Date "2010.08.08"]
[Round "7"]
[White "Movsesian, S."]
[Black "Fridman, D2."]
[Result "1/2-1/2"]
[WhiteElo "2723"]
[BlackElo "2645"]
[PlyCount "122"]
[EventDate "2010.08.07"]
[EventCountry "GER"]

1. g3 d5 2. Bg2 g6 3. d3 Bg7 4. Nc3 d4 5. Ne4 Nf6 6. Nxf6+ exf6 7. e3 dxe3 8.
Bxe3 f5 9. c3 O-O 10. Ne2 Nd7 11. O-O Ne5 12. Bd4 c6 13. Nf4 Re8 14. Re1 Qc7
15. b4 Bd7 16. a3 Rad8 17. Ra2 b6 18. Rae2 Qd6 19. Be3 Ng4 20. Bd2 Rxe2 21.
Rxe2 g5 22. Nh5 Qxd3 23. Nxg7 Kxg7 24. Qe1 h6 25. h3 Nf6 26. Be3 Be6 27. Bd4
Rxd4 28. Re3 Qc4 29. cxd4 Nd5 30. Rxe6 fxe6 31. Qxe6 Qxd4 32. Qxf5 Nf6 33. Bxc6
Qa1+ 34. Kg2 Qxa3 35. b5 a6 36. Qc8 axb5 37. Qc7+ Kf8 38. Qxb6 b4 39. Qc5+ Kf7
40. Bb5 Qc3 41. Bc4+ Kg6 42. Qb5 Kg7 43. Bd3 Qb3 44. Bc4 Qc3 45. Qb7+ Kg6 46.
Bf7+ Kg7 47. Be6+ Kh8 48. Qf7 Qe5 49. g4 Qe4+ 50. Kh2 Qe5+ 51. Kg1 Qe1+ 52. Kg2
Qe4+ 53. Kf1 Qh1+ 54. Ke2 Qe4+ 55. Kd2 Qd4+ 56. Kc2 Qc3+ 57. Kb1 Qd3+ 58. Kc1
Qc3+ 59. Kd1 Qd3+ 60. Ke1 Qe4+ 61. Kd2 Qd4+ 1/2-1/2

[Event "CCM10 - GRENKE Rapid WCh"]
[Site "Mainz"]
[Date "2010.08.08"]
[Round "7"]
[White "Volokitin, And"]
[Black "Mohr, G."]
[Result "1/2-1/2"]
[WhiteElo "2661"]
[BlackElo "2511"]
[PlyCount "104"]
[EventDate "2010.08.07"]
[EventCountry "GER"]

1. e4 c5 2. Nf3 Nc6 3. d4 cxd4 4. Nxd4 g6 5. c4 Bg7 6. Be3 Nf6 7. Nc3 d6 8. Be2
O-O 9. O-O Bd7 10. Nc2 a6 11. f3 Rb8 12. Qd2 Be6 13. Rfd1 Nd7 14. Rab1 Qa5 15.
b4 Qd8 16. Nd5 b5 17. cxb5 axb5 18. Na3 Bxd5 19. exd5 Nce5 20. Nxb5 Nb6 21.
Rdc1 Qd7 22. Bxb6 Rxb6 23. a4 Ra8 24. f4 Ng4 25. Bxg4 Qxg4 26. Qe3 Rb7 27. Rc4
Rxa4 28. Nxd6 Rb8 29. Qxe7 Ra2 30. Qe4 Bf8 31. f5 Qg5 32. Rc6 Qd2 33. fxg6 hxg6
34. Qf3 Qd4+ 35. Kh1 Bxd6 36. Rxd6 Ra1 37. Qf1 Rxb1 38. Qxb1 Rxb4 39. Qg1 Qd3
40. Rd8+ Kg7 41. Qa1+ Qd4 42. Qxd4+ Rxd4 43. Kg1 Kf6 44. Rd7 Rd2 45. Kf1 g5 46.
h3 Ra2 47. Rd8 Ke7 48. Rg8 Kf6 49. d6 Rd2 50. Rd8 Ke6 51. Re8+ Kf6 52. Rd8 Ke6
1/2-1/2

[Event "CCM10 - GRENKE Rapid WCh"]
[Site "Mainz"]
[Date "2010.08.08"]
[Round "8"]
[White "Fridman, D2."]
[Black "Milov, L."]
[Result "1-0"]
[WhiteElo "2645"]
[BlackElo "2562"]
[PlyCount "201"]
[EventDate "2010.08.07"]
[EventCountry "GER"]

1. d4 d5 2. c4 c6 3. Nf3 Nf6 4. Nc3 dxc4 5. a4 Bf5 6. Ne5 Nbd7 7. Nxc4 Nb6 8.
Ne5 a5 9. f3 Nfd7 10. Nxd7 Nxd7 11. e4 Bg6 12. Be2 e6 13. Be3 Bb4 14. O-O O-O
15. Qb3 Qb6 16. Bf2 Rfe8 17. Bc4 Qc7 18. Rac1 Bd6 19. g3 Bb4 20. Rfd1 Rac8 21.
Bf1 Qb8 22. Bh3 Rcd8 23. Na2 Bf8 24. Be1 Qa7 25. Qc3 Ra8 26. Bf2 Qb8 27. d5
cxd5 28. exd5 Nf6 29. dxe6 fxe6 30. Qc7 b5 31. b3 bxa4 32. bxa4 Qb3 33. Qc4
Rab8 34. Bg2 Qxc4 35. Rxc4 Rec8 36. Rxc8 Rxc8 37. Bh3 Kf7 38. Re1 Rc6 39. Bf1
Rc2 40. Nc1 Bb4 41. Rd1 Nd5 42. Nd3 Bd6 43. Rb1 Nb4 44. Rb3 Ra2 45. Nc5 Rxf2
46. Kxf2 Bxc5+ 47. Ke1 Bd4 48. Bb5 Bc2 49. Ra3 Ke7 50. f4 Kd6 51. g4 Be4 52.
Kd2 Nd5 53. Bd3 Be3+ 54. Ke2 Bxd3+ 55. Kxd3 Bxf4 56. h3 Be5 57. Kc4 Bc3 58. Rb3
Bb4 59. Rf3 Ke7 60. h4 Be1 61. Kb5 h6 62. g5 hxg5 63. hxg5 Bd2 64. g6 Bc3 65.
Rf7+ Kd6 66. Kc4 Kc6 67. Ra7 Kd6 68. Rf7 Bf6 69. Kb5 Bc3 70. Kc4 Kc6 71. Ra7
Bb4 72. Rxg7 Nf4 73. Rc7+ Kxc7 74. g7 Nd5 75. g8=Q Kd6 76. Qg5 Kd7 77. Qe5 Bc3
78. Qb8 Bb4 79. Kd4 Bc3+ 80. Ke4 Ke7 81. Kf3 Kd7 82. Kg4 Ke7 83. Kg5 Bd2+ 84.
Kg6 Nf4+ 85. Kh7 Nd5 86. Kg8 Bb4 87. Qb7+ Kf6 88. Qg7+ Kf5 89. Kf7 Nf4 90. Qh7+
Ke5 91. Qh2 Kf5 92. Qc2+ Ke5 93. Qb1 Nd5 94. Qg6 Nf4 95. Qc2 Bd6 96. Qc3+ Ke4
97. Qxa5 e5 98. Qb6 Kd5 99. a5 Bc5 100. Qb8 Nd3 101. a6 1-0

[Event "CCM10 - GRENKE Rapid WCh"]
[Site "Mainz"]
[Date "2010.08.08"]
[Round "8"]
[White "Gashimov, V."]
[Black "Bologan, V."]
[Result "1-0"]
[WhiteElo "2719"]
[BlackElo "2695"]
[Annotator "Mike Rosa"]
[PlyCount "47"]
[EventDate "2010.08.07"]
[EventCountry "GER"]

1. e4 d6 2. f4 Nf6 3. Nc3 d5 4. e5 d4 5. Nce2 Nd5 6. d3 c5 7. g3 h5 8. Nf3 Bg4
9. Bg2 e6 10. h3 Bf5 11. Nh4 Bh7 12. f5 Be7 13. O-O Bxh4 14. fxe6 fxe6 15. gxh4
Nc6 16. Bg5 Qd7 {Die Eröffnung ist für Schwarz denkbar ungünstig verlaufen.
Irgendwie hat Bologan seinen König in der Mitte "vergessen" und nun bekam er
ihn nicht mehr weg. Dennoch ist es durchaus sehenswert, mit welch' einfachen
Mitteln Gashimov eine klare Gewinnstellung erreicht.} 17. Bxd5 $1 $18 {Weiß
entfernt die einzige gute Figur des Schwarzen.} exd5 (17... Qxd5 {ist nicht
besser. Nach} 18. Nf4 {wird es teuer für den Nachziehenden.} Qd7 (18... Qxe5
19. Qxh5+ g6 20. Qg4 O-O 21. Nxe6 $18) 19. Qxh5+ Qf7 20. Nxe6 Qxh5 21. Nxg7+
$18) 18. e6 $1 Qxe6 {Den Bauer am Leben zu lassen, käme der Kapitulation
gleich. Dann lieber mit wehenden Fahnen untergehen, wird sich Bologan gedacht
haben.} 19. Nf4 Qd6 20. Qxh5+ g6 (20... Kd7 21. Qf7+ Kc8 (21... Ne7 22. Rae1
Rae8 23. Re6 $18) 22. Rae1 $18) 21. Qh6 (21. Rae1+ {hätte natürlich auch
gewonnen. z. B.} Kd7 22. Qg4+ Kc7 23. Ne6+ Kb6 24. Bf4 Qd7 25. Bc7+ Kb5 26. a4+
Kb4 27. c3+ $18) 21... Qf8 22. Qxf8+ Rxf8 23. Nxd5 Rf7 24. Nf6+ {Schwarz gab
auf.} 1-0

[Event "CCM10 - GRENKE Rapid WCh"]
[Site "Mainz"]
[Date "2010.08.08"]
[Round "8"]
[White "Grischuk, A."]
[Black "Ghaem Maghami, E."]
[Result "1/2-1/2"]
[WhiteElo "2760"]
[BlackElo "2585"]
[PlyCount "90"]
[EventDate "2010.08.07"]
[EventCountry "GER"]

1. d4 Nf6 2. c4 e6 3. Nf3 c5 4. e3 d5 5. cxd5 Nxd5 6. Nc3 Nc6 7. Bd3 cxd4 8.
exd4 Be7 9. O-O O-O 10. Re1 Bf6 11. Be4 Nce7 12. Qd3 g6 13. Bh6 Bg7 14. Bxg7
Kxg7 15. Rac1 Bd7 16. Bxd5 exd5 17. h3 Rc8 18. Re2 Bf5 19. Qd2 Nc6 20. Rce1 Qd6
21. Ne5 Be6 22. h4 Nxe5 23. Rxe5 Rfe8 24. Qe3 Bd7 25. Qf3 Rxe5 26. dxe5 Qe7 27.
Nxd5 Qxh4 28. Nf4 Rc4 29. g3 Bc6 30. Nd5 Qd8 31. Qf6+ Qxf6 32. exf6+ Kh6 33.
Ne3 Rb4 34. f4 g5 35. Ng4+ Kg6 36. Ne5+ Kxf6 37. fxg5+ Kxg5 38. b3 f5 39. Nxc6
bxc6 40. Re7 a5 41. Rg7+ Kf6 42. Rxh7 a4 43. Rh4 Rxh4 44. gxh4 axb3 45. axb3
Ke5 1/2-1/2

[Event "CCM10 - GRENKE Rapid WCh"]
[Site "Mainz"]
[Date "2010.08.08"]
[Round "8"]
[White "Gustafsson, J."]
[Black "Mahjoob, M."]
[Result "1-0"]
[WhiteElo "2643"]
[BlackElo "2546"]
[PlyCount "57"]
[EventDate "2010.08.07"]
[EventCountry "GER"]

1. d4 f5 2. g3 Nf6 3. Bg2 g6 4. Nf3 Bg7 5. O-O O-O 6. c4 d6 7. Nc3 c6 8. Rb1 a5
9. d5 Bd7 10. Nd4 Qb6 11. Be3 Qa6 12. b3 Ng4 13. Bg5 Qb6 14. e3 Nf6 15. Na4 Qa7
16. Qd3 h6 17. Bxf6 Bxf6 18. Rbd1 Bg7 19. c5 dxc5 20. dxc6 Bxc6 21. Nxc6 Nxc6
22. Qc4+ Kh7 23. Bxc6 bxc6 24. Nxc5 Rfd8 25. Ne6 Rxd1 26. Rxd1 Qb7 27. Nxg7
Kxg7 28. Qe6 Ra7 29. Rd8 1-0

[Event "CCM10 - GRENKE Rapid WCh"]
[Site "Mainz"]
[Date "2010.08.08"]
[Round "8"]
[White "Inarkiev, E."]
[Black "Kasimdzhanov, R."]
[Result "0-1"]
[WhiteElo "2671"]
[BlackElo "2699"]
[PlyCount "78"]
[EventDate "2010.08.07"]
[EventCountry "GER"]

1. d4 Nf6 2. c4 e6 3. Nf3 d5 4. g3 Bb4+ 5. Bd2 Be7 6. Bg2 c6 7. Qc2 O-O 8. O-O
a5 9. Rd1 b6 10. Ne5 Nfd7 11. cxd5 cxd5 12. e4 Nxe5 13. exd5 Ng6 14. d6 Ra7 15.
dxe7 Nxe7 16. Nc3 Bb7 17. d5 Nxd5 18. Bf4 Na6 19. Nb5 Ra8 20. Nd6 Nab4 21. Qb3
Bc6 22. Qc4 g5 23. Be5 f6 24. a3 fxe5 25. Ne4 Ba4 26. axb4 Rc8 27. Qa2 Bxd1 28.
Rxd1 axb4 29. Bh3 Qe7 30. Qb3 Kh8 31. Rd2 Rc1+ 32. Kg2 b5 33. Bxe6 Qxe6 34.
Rxd5 Qf5 35. Qe3 Rc2 36. Nd2 Rxb2 37. Rxe5 Qf6 38. Re4 Qc3 39. Qxg5 Rxd2 0-1

[Event "CCM10 - GRENKE Rapid WCh"]
[Site "Mainz"]
[Date "2010.08.08"]
[Round "8"]
[White "Kamsky, G."]
[Black "Karjakin, Sergey"]
[Result "1-0"]
[WhiteElo "2713"]
[BlackElo "2747"]
[Annotator "Mike Rosa"]
[PlyCount "123"]
[EventDate "2010.08.07"]
[EventCountry "GER"]

1. e4 e5 2. Nf3 Nc6 3. Bb5 a6 4. Ba4 Nf6 5. O-O Be7 6. Re1 b5 7. Bb3 d6 8. c3
O-O 9. d4 Bg4 10. d5 Na5 11. Bc2 Qc8 12. Nbd2 c6 13. b4 Nb7 14. dxc6 Qxc6 15.
Bb2 Nd8 16. Nf1 Qb7 17. Ng3 Re8 18. h3 Bd7 19. Bb3 Ne6 20. Nf5 Bc6 21. Nxd6
Bxd6 22. Qxd6 Nxe4 23. Qxe5 N6c5 {Zuletzt hatte Karjakin seinen Springer von
e6 nach c5 abgezogen und damit die gegnerische Dame ins Visier genommen. In
der Tat stünde Schwarz bei einem Damenzug sehr gut, doch Kamsky hatte andere
Pläne.} 24. bxc5 $3 {Ein sehr schönes Damenopfer!} Rxe5 25. Nxe5 Nxc5 ({Die
Alternativen, um den wunden Punkt f7 zu decken, helfen ebenfalls nicht:} 25...
Ng5 26. h4 Ne6 27. Nxf7 Kxf7 (27... Nxc5 28. Nd6+ Nxb3 29. Nxb7 Nxa1 30. Na5
$18) 28. Rxe6 Kf8 29. Rae1 $18 {Schwarz zappelt in einem Mattnetz, aus welchem
er nur unter großen Materialverlusten entkommen wird.}) (25... Bd5 {bringt
wegen} 26. c6 $1 Bxc6 27. Rad1 $1 $18 {ebenfalls keine Entlastung für f7.}) 26.
Bxf7+ Kh8 27. Rad1 $3 {Ein sehr starker Zug, auf den Kamsky im Nachhinein
besonders stolz war. Eiskalt lässt er den Einschlag} Bxg2 {zu, um mit} 28. Rd4
$1 {im Gegenzug Ng6+ nebst Rh4# zu drohen.} h6 ({Auf 28...g6 oder gar} 28... g5
{demaskiert Weiß mit} 29. c4 $18 {tödlich den schlafenden Riesen auf b2.}) 29.
Ba3 $1 $18 {Jetzt geht es dem Springer an den Kragen. Wegziehen kann er nicht,
denn dann dringt Weiß mit seinem Turm nach d7 vor und kassiert den Läufer auf
g2. Es folgte} Bxh3 (29... Bh1 30. f3 Bxf3 31. Bxc5 Bh1 32. Rd2 $18) 30. Bd5
Qc8 31. Bxc5 Qxc5 32. Bxa8 $18 {und Schwarz hätte getrost aufgeben können.
Natürlich kämpfte Karjakin noch weiter, doch nach 62 Zügen musste er die
Waffen strecken.} Bf5 33. Re3 Qa3 34. Bd5 Kh7 35. Kg2 Qe7 36. Nf3 Qf6 37. c4
bxc4 38. Bxc4 a5 39. Rd5 Bb1 40. Rxa5 Qf4 41. Be6 Qb4 42. Rae5 Qa4 43. a3 Qf4
44. Bd5 Qg4+ 45. Kf1 Qh3+ 46. Ke2 Qc8 47. Be4+ Bxe4 48. R5xe4 Qc1 49. a4 Qb1
50. Nd2 Qa1 51. Rg3 Qf6 52. a5 h5 53. Rb3 h4 54. Rb6 Qg5 55. Nf3 Qxa5 56. Rxh4+
Kg8 57. Rb8+ Kf7 58. Rf4+ Kg6 59. Rbb4 Qa6+ 60. Rbc4 Qb5 61. Kf1 Qd5 62. Kg2
1-0

[Event "CCM10 - GRENKE Rapid WCh"]
[Site "Mainz"]
[Date "2010.08.08"]
[Round "8"]
[White "Moradiabadi, E."]
[Black "Markowski, T."]
[Result "0-1"]
[WhiteElo "2571"]
[BlackElo "2628"]
[PlyCount "82"]
[EventDate "2010.08.07"]
[EventCountry "GER"]

1. d4 d6 2. e4 Nf6 3. f3 e5 4. d5 Be7 5. c4 a5 6. Nc3 O-O 7. Be3 Na6 8. Bd3 Nd7
9. Qd2 Ndc5 10. Bb1 a4 11. Nge2 c6 12. O-O Qa5 13. f4 Qb4 14. fxe5 dxe5 15. d6
Bd8 16. a3 Qa5 17. Ba2 Be6 18. Ng3 Nd7 19. Nf5 Bxf5 20. Rxf5 Bb6 21. Raf1 Bxe3+
22. Qxe3 Qc5 23. Qf2 Qxf2+ 24. Kxf2 Nac5 25. Ke3 g6 26. R5f2 Rad8 27. Rd1 Nb6
28. g3 Rd7 29. Rfd2 Kg7 30. h4 Rfd8 31. h5 Nc8 32. Rh2 Rxd6 33. Rxd6 Rxd6 34.
h6+ Kf8 35. Ke2 Nb6 36. g4 Ke7 37. g5 Rd4 38. Rf2 Rd6 39. Bb1 f6 40. Rg2 Nxc4
41. gxf6+ Kxf6 0-1

[Event "CCM10 - GRENKE Rapid WCh"]
[Site "Mainz"]
[Date "2010.08.08"]
[Round "8"]
[White "Pelletier, Y."]
[Black "Bareev, E."]
[Result "1/2-1/2"]
[WhiteElo "2589"]
[BlackElo "2663"]
[PlyCount "70"]
[EventDate "2010.08.07"]
[EventCountry "GER"]

1. d4 d5 2. c4 c6 3. Nf3 Nf6 4. Nc3 dxc4 5. a4 Bf5 6. e3 e6 7. Bxc4 Bb4 8. O-O
O-O 9. Qe2 Ne4 10. Bd3 Bxc3 11. bxc3 Nxc3 12. Qc2 Bxd3 13. Qxd3 Nd5 14. Ba3 Re8
15. Rab1 b6 16. Rfc1 Nf6 17. Qc2 Qd5 18. h3 h6 19. Nd2 e5 20. dxe5 Qxe5 21. Nc4
Qe6 22. a5 Nbd7 23. Nd6 Red8 24. Qxc6 Ne5 25. Qb7 bxa5 26. Rd1 Qa2 27. Qb2 Qe6
28. Qc3 Rd7 29. Rd4 Ne8 30. Nxe8 Rxe8 31. Rxd7 Qxd7 32. Bb2 Qd3 33. Qxd3 Nxd3
34. Bd4 Rc8 35. Rb5 Rc1+ 1/2-1/2

[Event "CCM10 - GRENKE Rapid WCh"]
[Site "Mainz"]
[Date "2010.08.08"]
[Round "9"]
[White "Andersson, U."]
[Black "Volokitin, And"]
[Result "1/2-1/2"]
[WhiteElo "2567"]
[BlackElo "2661"]
[PlyCount "53"]
[EventDate "2010.08.07"]
[EventCountry "GER"]

1. Nf3 f5 2. d4 Nf6 3. g3 g6 4. Bg2 Bg7 5. O-O O-O 6. c4 d6 7. Nc3 Qe8 8. d5
Na6 9. Be3 h6 10. Rb1 g5 11. b4 f4 12. Bd4 e5 13. dxe6 Bxe6 14. Nd5 Qf7 15. b5
Nc5 16. Bxc5 Bxd5 17. Bxd6 Bxf3 18. Bxf8 Bxg2 19. Bxg7 Bxf1 20. Bxf6 Bxe2 21.
Qxe2 Qxf6 22. Re1 Rf8 23. g4 f3 24. Qe4 c6 25. h3 cxb5 26. cxb5 Rf7 27. a4
1/2-1/2

[Event "CCM10 - GRENKE Rapid WCh"]
[Site "Mainz"]
[Date "2010.08.08"]
[Round "9"]
[White "Aronian, L."]
[Black "Ghaem Maghami, E."]
[Result "1-0"]
[WhiteElo "2783"]
[BlackElo "2585"]
[PlyCount "63"]
[EventDate "2010.08.07"]
[EventCountry "GER"]

1. d4 Nf6 2. c4 e6 3. g3 d5 4. Nf3 Bb4+ 5. Bd2 Be7 6. Bg2 O-O 7. O-O c6 8. Bf4
Nbd7 9. Qc2 b6 10. Rd1 Bb7 11. Nc3 Rc8 12. Ne5 b5 13. c5 Nxe5 14. Bxe5 Ng4 15.
Bf4 e5 16. dxe5 Bxc5 17. Ne4 Be7 18. h3 Nh6 19. a4 Nf5 20. Nc3 b4 21. Nxd5 cxd5
22. Qxf5 Qa5 23. e6 Rcd8 24. Rac1 Qa6 25. exf7+ Rxf7 26. Qd3 Qxa4 27. Ra1 Qe8
28. Ra5 Bf6 29. Rxa7 Bxb2 30. Qb3 Qxe2 31. Bf3 Qb5 32. Qxb2 1-0